| 000 | 00998cam a22003137a 4500 | ||
|---|---|---|---|
| 003 | CHAP | ||
| 005 | 20220329142417.0 | ||
| 008 | 001207d1997 es a r 00110 esp d | ||
| 010 | _a83085 | ||
| 011 | _a84057 | ||
| 020 | _a8480551887 | ||
| 035 | _a94576 | ||
| 040 | _cCHAP | ||
| 082 | 0 | 4 |
_a581.634 _bA8 |
| 245 | 0 | 0 |
_aAtlas de las plantas medicinales y curativas: _bla salud a través de las plantas _c/ por Ramón Forés |
| 260 |
_aMadrid, Esp. : _bCultural de Ediciones, _c1997 |
||
| 300 |
_a111 p. : _bilus. |
||
| 590 |
_aBATCH-UPD _b10 _c20130110 _lUCH01 _h0810 |
||
| 590 |
_aBATCH-UPD _b10 _c20130410 _lUCH01 _h0447 |
||
| 590 |
_aBATCH-UPD _b10 _c20130914 _lUCH01 _h0427 |
||
| 590 |
_aCONVERSION _b10 _c20130109 _lUCH01 _h1346 |
||
| 650 | 1 | 4 |
_aAtlas. _98256 |
| 650 | 1 | 4 |
_aBotánica médica. _914680 |
| 700 | 0 |
_aForés, Ramón. _942547 |
|
| 901 | _aBK | ||
| 905 | _aMayto Villalobos S. | ||
| 942 | _cLIBRO | ||
| 949 |
_a581.634 A8 _bBC _cESP _d33724000800215 _eC _gI.208385 _h99205 _i94576 _st _t$455.00 |
||
| 999 |
_c83085 _d83085 |
||